=LDR 00000nam 2200000 4500 =001 INLIS000000000044795 =005 20131008110718 =008 ***********************************Ind** =035 ##$$a0010-101300000002717 =041 ##$$a Ind =082 ##$$a 646.78 =090 ##$$a 646.78, Gin p =100 ##$$a Ginanjar, Adriana S =245 ##$$a Pelangi di Akhir Badai : Tips Untuk Istri Bijak : Mengungkap Menghadapi dan Memaafkan Perselingkuhan Suami, Adriana S.Ginanjar =260 ##$$a 2009 $b Gramedia Pustaka Utama =300 ##$$a 207 Hlm., 21 Cm =650 ##$$a Kehidupan Keluarga =850 ##$$a NNT-CD =990 ##$$a 21195770/BPAP-NTB/2014